000 00367nam a22001097a 4500
082 _a900
100 _aकिडो,वासवी
_983941
245 _aभारत की क्रान्तिकारी आदिवासी औरतें
260 _aदिल्‍ली
_bअनुज्ञा बुक्‍स
_c2022
650 _a900
942 _cHIN
999 _c68955
_d68955